|
|
|
|
| LEADER |
00000nam0a2200000 4500 |
| 001 |
114364 |
| 005 |
20231031122228.0 |
| 010 |
|
|
|a 5020080268
|
| 020 |
|
|
|a RU
|b 90-3662
|
| 035 |
|
|
|a (RuTPU)RU\TPU\book\123669
|
| 090 |
|
|
|a 114364
|
| 100 |
|
|
|a 20070421d1989 k y0rusy5003 ca
|
| 101 |
0 |
|
|a rus
|
| 102 |
|
|
|a RU
|
| 105 |
|
|
|a y z 001zy
|
| 200 |
1 |
|
|a Синтаксические и семантические исследования неэкстенсиональных логик
|e сборник статей
|f Академия наук СССР (АН СССР), Институт философии (ИФ) ; под ред. В. А. Смирнова
|
| 210 |
|
|
|a Москва
|c Наука
|d 1989
|
| 215 |
|
|
|a 310 с.
|
| 320 |
|
|
|a Библиография в конце статей
|
| 610 |
1 |
|
|a математическая логика
|
| 610 |
1 |
|
|a неэкстенсиональная логика
|
| 610 |
1 |
|
|a синтаксические исследования
|
| 610 |
1 |
|
|a семантические исследования
|
| 610 |
1 |
|
|a нефрегевские системы
|
| 610 |
1 |
|
|a паранепротиворечивые системы
|
| 686 |
|
|
|a Ю41
|2 rubbk
|
| 702 |
|
1 |
|a Смирнов
|b В. А.
|g Владимир Александрович
|4 340
|
| 712 |
0 |
2 |
|a Академия наук СССР (АН СССР)
|b Институт философии (ИФ)
|2 stltpush
|3 (RuTPU)RU\TPU\col\11338
|
| 801 |
|
0 |
|a RU
|b RuMRKP
|c 19960705
|g psbo
|
| 801 |
|
1 |
|a RU
|b 63413507
|c 20070421
|g PSBO
|
| 801 |
|
2 |
|a RU
|b 63413507
|c 20080414
|g PSBO
|
| 942 |
|
|
|c BK
|